000 00406nam a22001697a 4500
003 MPLRDC
005 20220104144340.0
008 210129b ||||| |||| 00| 0 eng d
082 _a802.79 RZ c.2
100 _a容子
245 _a应用文简说
_c
250 _a初版
260 _a
_b香港中流出版社
_c1976
300 _b
650 _a华语作文--应用文
942 _cBK
_o802.79 RZ c.2
999 _c48749
_d48739